The age of Napoleon
Αποθηκεύτηκε σε:
| Κύριος συγγραφέας: | |
|---|---|
| Μορφή: | Βιβλίο |
| Γλώσσα: | English |
| Δημοσίευση: |
Boston :
Houghton Mifflin ,
1985
|
| Σειρά: | American Heritage library
|
| Θέματα: | |
| Ετικέτες: |
Προσθήκη ετικέτας
Δεν υπάρχουν, Καταχωρήστε ετικέτα πρώτοι!
|
MARC
| LEADER | 00000nam a2200000 i 4500 | ||
|---|---|---|---|
| 001 | 1/6182 | ||
| 008 | 960625s1985 eng d | ||
| 020 | |a 0-8281-0491-3 | ||
| 035 | |l 10016265 | ||
| 040 | |a GR-MY-UA |b gre |e aacr | ||
| 041 | 0 | |a eng | |
| 082 | 0 | |a 944.05 | |
| 100 | 1 | |a Herold, J. Christopher. | |
| 245 | 1 | 4 | |a The age of Napoleon / |c J. Christopher Herold |
| 260 | |a Boston : |b Houghton Mifflin , |c 1985 | ||
| 300 | |a 478 p. |b ill. | ||
| 490 | 1 | |a American Heritage library | |
| 504 | |a Includes index | ||
| 600 | 1 | 0 | |a Napoleon I |c Emperor of the French |d 1769-1821. |
| 651 | 0 | |a France |x History |y Consulate and First Empire, 1799-1815. | |
| 830 | 0 | |a American Heritage library | |
| 852 | |a INST |b LESVOS |e 19960625 |h 944.05 HER |p 005100009808 |q 005100009808 |t BK |y 0 | ||
| 909 | |a Λ |b 044438 | ||